Catálogo

Valores evangélicos : (Registro nro. 65897)

Detalles MARC
000 -LEADER
fixed length control field 00632nam a2200241 u 4500
001 - CONTROL NUMBER
control field 65897
003 - CONTROL NUMBER IDENTIFIER
control field Mx-PuUPA
005 - DATE AND TIME OF LATEST TRANSACTION
control field 20190705125011.0
008 - FIXED-LENGTH DATA ELEMENTS--GENERAL INFORMATION
fixed length control field 160808s2006 mx r 000 0 spa d
020 ## - INTERNATIONAL STANDARD BOOK NUMBER
International Standard Book Number 970-685-122-4
040 ## - CATALOGING SOURCE
Transcribing agency Mx-PuUPA
082 ## - DEWEY DECIMAL CLASSIFICATION NUMBER
Classification number 262.91
Item number BEZ
100 1# - MAIN ENTRY--PERSONAL NAME
Personal name Bezunartea, Jesús María
Relator term autor
245 10 - TITLE STATEMENT
Title Valores evangélicos :
Remainder of title Inspiración y meta.
250 ## - EDITION STATEMENT
Edition statement Primera edición
264 #1 - PRODUCTION, PUBLICATION, DISTRIBUTION, MANUFACTURE, AND COPYRIGHT NOTICE
Place of production, publication, distribution, manufacture México :
Name of producer, publisher, distributor, manufacturer Editorial alba
300 ## - PHYSICAL DESCRIPTION
Extent 248 páginas ;
Dimensions 23 cm.
336 ## - CONTENT TYPE
Content type term texto
Source rdacontent
337 ## - MEDIA TYPE
Media type term sin mediación
Source rdamedia
338 ## - CARRIER TYPE
Carrier type term volumen
650 #0 - SUBJECT ADDED ENTRY--TOPICAL TERM
Topical term or geographic name entry element Religión
942 ## - ADDED ENTRY ELEMENTS (KOHA)
Source of classification or shelving scheme Dewey Decimal Classification
Koha item type Libro
Existencias
Withdrawn status Lost status Source of classification or shelving scheme Damaged status Not for loan Collection code Home library Current library Shelving location Date acquired Source of acquisition Total Checkouts Full call number Barcode Date last seen Price effective from Koha item type
    Dewey Decimal Classification     General Tehuacán Tehuacán Sala general 08/08/2016 Compra   262.91 BEZ 2006 510269 08/01/2025 08/08/2016 Libro